GARIS PANDUAN EKSPLORASI UNSUR NADIR BUMI : JMG.GP.20 (Record no. 27182)

000 -LEADER
fixed length control field 00549nam a22001457a 4500
008 - FIXED-LENGTH DATA ELEMENTS--GENERAL INFORMATION
fixed length control field 260330b ||||| |||| 00| 0 eng d
020 ## - INTERNATIONAL STANDARD BOOK NUMBER
International Standard Book Number 9789670159294
082 04 - DEWEY DECIMAL CLASSIFICATION NUMBER
Classification number 546.4109595
245 00 - TITLE STATEMENT
Title GARIS PANDUAN EKSPLORASI UNSUR NADIR BUMI : JMG.GP.20
260 ## - PUBLICATION, DISTRIBUTION, ETC.
Place of publication, distribution, etc. Kuala Lumpur :
Name of publisher, distributor, etc. Jabatan Mineral dan Geosains Malaysia,
Date of publication, distribution, etc. [2015?]
650 10 - SUBJECT ADDED ENTRY--TOPICAL TERM
General subdivision Rare earth metals
-- Handbooks, manuals, etc.
650 20 - SUBJECT ADDED ENTRY--TOPICAL TERM
General subdivision Geochemistry
-- Handbooks, manuals, etc.
650 20 - SUBJECT ADDED ENTRY--TOPICAL TERM
General subdivision Government publications
Geographic subdivision Malaysia
942 ## - ADDED ENTRY ELEMENTS (KOHA)
Source of classification or shelving scheme
Edition 22
Classification part 546.4109595
Holdings
Withdrawn status Lost status Source of classification or shelving scheme Damaged status Not for loan Collection code Permanent Location Current Location Date acquired Total Checkouts Full call number Date last seen Price effective from Koha item type
Available         Open Shelf JMG IBUPEJABAT JMG IBUPEJABAT 30/03/2026   546.4109595 GAR 30/03/2026 30/03/2026 Books